India dissents: (Record no. 157925)

MARC details
000 -LEADER
fixed length control field 00612nam a22001937a 4500
005 - DATE AND TIME OF LATEST TRANSACTION
control field 20181010154803.0
010 ## - LCCN (DPL NO)
LC control number ENG-124228
020 ## - INTERNATIONAL STANDARD BOOK NUMBER
International Standard Book Number 9789385755958
Terms of availability 499.00
035 ## - SYSTEM CONTROL NUMBER
System control number EN-107760
037 ## - SOURCE OF ACQUISITION
Source of stock number/acquisition DBAD/PUB
082 ## - DEWEY DECIMAL CLASSIFICATION NUMBER
Classification number 954
245 ## - TITLE STATEMENT
Title India dissents:
Statement of responsibility, etc ed. by Ashok Vajpeyi
Remainder of title 3000 years of difference, doubt and argumnent /
260 ## - PUBLICATION, DISTRIBUTION, ETC. (IMPRINT)
Place of publication, distribution, etc New Delhi
Name of publisher, distributor, etc Speaking Tiger
Date of publication, distribution, etc 2017
270 ## - ADDRESS
Address 4381/4, Ansari Road, Daryaganj,
City New Delhi
Postal code 110002
300 ## - PHYSICAL DESCRIPTION
Extent 546p.
Dimensions 22cm(Hb)
500 ## - GENERAL NOTE
General note It includes copyright acknowledgements
700 ## - ADDED ENTRY--PERSONAL NAME
Personal name Ashok Vajpeyi
942 ## - ADDED ENTRY ELEMENTS (KOHA)
Source of classification or shelving scheme Dewey Decimal Classification
Item type English Books
Classification part 954
Call number suffix IND
Holdings
Withdrawn status Lost status Not for loan Collection code Home library Current library Date acquired Source of acquisition Cost, normal purchase price Full call number Barcode Copy number Cost, replacement price Koha item type
    Not For Loan Non-fiction D.B.Act.Division Patel Nagar 10/10/2018 DBAD/PUB 499.00 954 IND EN-107760 1 499.00 English Books

© Delhi Public Library
Hit Counter
free hit counter